2023 Cup Series drivers without their team or numbers - Statistics

General Stats
  • This quiz has been taken 4 times
  • The average score is 28 of 32
Answer Stats
Hint Answer % Correct
The real reason Kyle Busch got eliminated AJ Allmendinger
100%
Worst statistical driver of HMS this year Alex Bowman
100%
Won the second Daytona Duel Aric Almirola
100%
Worst statistical Team Penske driver this year Austin Cindric
100%
Got carried by Kyle Busch at RCR Austin Dillion
100%
Broke Leg in snowboarding incident Chase Elliot
100%
From Prosper,Texas Chris Buescher
100%
Chase Elliot’s Replacement driver at WWT Corey Lajoie
100%
The real reason Bubba Wallace got eliminated Daniel Suarez
100%
‘I beat your favorite driver’ Denny Hamlin
100%
Had a hard crash at Las Vegas in practice Harrison Burton
100%
Championship Hangover Joey Logano
100%
Retired this year Kevin Harvick
100%
New team, gets 3 wins Kyle Busch
100%
All-Star winner Kyle Larson
100%
Resurgence from 2022 Martin Truex JR
100%
Daytona 500 winner Ricky Stenhouse JR
100%
Won the championship race Ross Chastain
100%
2023 Cup series champion Ryan Blaney
100%
Youngest 2023 driver Ty Gibbs
100%
Kurt Busch’s old car current driver Tyler Reddick
100%
Most wins this year William Byron
100%
Teammate of driver above Brad Keslowski
67%
First Playoff Run Bubba Wallace
67%
Worst statistical SHR driver this year Chase Briscoe
67%
Most Poles Christopher Bell
67%
Spun out an insane amount Erik Jones
67%
Indy Road Course winner Micheal McDowell
67%
Had a crazy flip in last race of regular season Ryan Preece
67%
Worst statistical full time driver of 2023 Ty Dillion
67%
Hard Crash at the Indy Road Course Justin Haley
33%
Lost a tire and crashed at Texas Todd Gilliand
33%
No matching quizzes found
Score Distribution
Percent of People with Each Score
Percentile by Number Answered
Your Score History
You have not taken this quiz